Poemas chinos /

Guardado en:
Autor Principal: Laiseca, Alberto
Formato: Libro
Publicado: Buenos Aires : Gárgola, 2005
Materias:
Etiquetas: Agregar Etiqueta
Sin Etiquetas, Sea el primero en etiquetar este registro!
LEADER 00615nam a22002175a 4500
001 CEM.cems018265
005 20140401120742.0
008 130507s2005##################000#0#####d
003 CEMS
020 |a 9509051667 
082 0 4 |a A861.4 
100 1 |a Laiseca, Alberto 
245 1 0 |a Poemas chinos /  |c Alberto Laiseca 
260 |a Buenos Aires :  |b Gárgola,  |c 2005 
300 |a 128 p. 
653 |a Literatura 
653 |a Literatura argentina 
653 |a Poesía 
653 |a Poesía argentina 
653 |a Ministerio de educación-colección literaria 
859 |a CEMS  |b BIB. CEMS - Agricultura  |h A861.4  |i L145  |p A2073.14  |t Ej.1